S osobitnou pečaťou výroby Spotrebné družstevníctvo v hľadaní svojho miesta

Situácia v spotrebnom družstevníctve na Slovensku po rozpade obchodnej siete Jednoty. Potravinárska výroba popri hlavnej činnosti Spotrebného družstva Bratislava-vidiek. Sortiment potravinárskych výrobkov. Zriadenie vlastnej skupiny predajcov a získavanie nových odberateľov. Ďalšia obchodná činnosť...

Descripción completa

Guardado en:
Detalles Bibliográficos
Autor principal: Szabo, A.
Formato: Capítulo de libro
Lenguaje:eslovaco
Materias:
Etiquetas: Agregar Etiqueta
Sin Etiquetas, Sea el primero en etiquetar este registro!

MARC

LEADER 00000naa a2200000 4500
001 r024650
005 20221213114239.2
041 0 |a slo 
044 |a SK 
245 1 0 |a S osobitnou pečaťou výroby  |b Spotrebné družstevníctvo v hľadaní svojho miesta  |c A. Szabo 
520 |a Situácia v spotrebnom družstevníctve na Slovensku po rozpade obchodnej siete Jednoty. Potravinárska výroba popri hlavnej činnosti Spotrebného družstva Bratislava-vidiek. Sortiment potravinárskych výrobkov. Zriadenie vlastnej skupiny predajcov a získavanie nových odberateľov. Ďalšia obchodná činnosť Jednoty SD Bratislava-vidiek. 
610 2 0 |a družstvá spotrebné 
610 2 0 |a Jednota SD 
610 2 0 |a družstevníctvo 
610 2 0 |a výroba 
610 2 0 |a potraviny 
610 2 0 |a podnikanie 
610 2 0 |a kvalita výrobkov 
610 2 0 |a sortiment výroby 
100 1 |a Szabo, A.